01342nam a22003134a 4500001001200000003000800012006001900020007001500039008004100054010001700095020001500112040002100127035002000148050002200168082001200190100003100202245010200233260007700335300001600412504006400428533015200492600008000644600007500724650004000799655002900839710001700868856012600885999001701011ebr10069853CaPaEBRm u cr cn|||||||||020731s2003 enk sb 001 0 eng  z 2002031221 z0521821800 aCaPaEBRcCaPaEBR a(OCoLC)5741793614aP107b.G57 2003eb04a4012211 aGlock, Hans-Johann,d1960-10aQuine and Davidson on language, thought, and realityh[electronic resource] /cHans-Johann Glock. aCambridge, UK ;aNew York, NY, USA :bCambridge University Press,c2003. axvi, 311 p. aIncludes bibliographical references (p. 294-300) and index. aElectronic reproduction.bPalo Alto, Calif. :cebrary,d2013.nAvailable via World Wide Web.nAccess may be limited to ebrary affiliated libraries.10aQuine, W. V.q(Willard Van Orman)xContributions in philosophy of language.10aDavidson, Donald,d1917-2003xContributions in philosophy of language. 0aLanguage and languagesxPhilosophy. 7aElectronic books.2local2 aebrary, Inc.40uhttp://site.ebrary.com/lib/rucke/Doc?id=10069853zAn electronic book accessible through the World Wide Web; click to view c42502d42502